[Event "Niedersachsen-ch Seniors op 11th"]
[Site "Bad Bevensen"]
[Date "2008.07.11"]
[Round "4"]
[White "Fries, Karl Heinz"]
[Black "Wittkugel, Friedhelm"]
[Result "0-1"]
[WhiteElo "1619"]
[BlackElo "1842"]
[PlyCount "54"]
[EventDate "2008.07.08"]
[EventType "swiss"]
[EventRounds "9"]
[EventCountry "GER"]
[SourceTitle "EXT 2022"]
[Source "ChessBase"]
[SourceDate "2021.10.06"]
[SourceVersion "1"]
[SourceVersionDate "2021.10.06"]
[SourceQuality "1"]

1. e4 e5 2. Nf3 d6 3. d4 Qe7 4. Bg5 f6 5. Bh4 h5 6. h3 g5 7. Bg3 h4 8. Bh2 c6 9. c4 Nh6 10. dxe5 dxe5 11. Nc3 Nf7 12. a3 Na6 13. b4 Nc7 14. Qa4 Bd7 15. Be2 Bg7 16. 0-0-0 a5 17. b5 Qc5 18. Kb2 Be6 19. bxc6 bxc6 20. Nd5 0-0 21. Nxc7 Qb6+ 22. Nb5 cxb5 23. Qxb5 Qxf2 24. Qc6 Rab8+ 25. Kc3 Rb6 26. Bg1 Qxf3+ 27. Rd3 Qxd3+ 0-1

[Event "Niedersachsen-ch Seniors op 11th"]
[Site "Bad Bevensen"]
[Date "2008.07.10"]
[Round "3"]
[White "Bendisch, Juergen"]
[Black "Fries, Karl Heinz"]
[Result "1/2-1/2"]
[WhiteElo "1796"]
[BlackElo "1619"]
[PlyCount "70"]
[EventDate "2008.07.08"]
[EventType "swiss"]
[EventRounds "9"]
[EventCountry "GER"]
[SourceTitle "EXT 2022"]
[Source "ChessBase"]
[SourceDate "2021.10.06"]
[SourceVersion "1"]
[SourceVersionDate "2021.10.06"]
[SourceQuality "1"]

1. d4 d5 2. Nf3 e6 3. c4 c6 4. e3 f5 5. Nbd2 Nf6 6. Bd3 Be7 7. Ne5 0-0 8. 0-0 Ne4 9. f3 Nxd2 10. Bxd2 Nd7 11. Nxd7 Bxd7 12. Rc1 Qb6 13. b3 a6 14. Qe2 Qc7 15. f4 Rf6 16. Qf3 Rc8 17. Rc2 Qb8 18. Qe2 Rh6 19. g3 Rf8 20. b4 Be8 21. b5 Bh5 22. Qe1 dxc4 23. Bxc4 axb5 24. Bb3 Bg4 25. Bb4 Qd8 26. Bc5 Qd7 27. Qb4 Bxc5 28. Qxc5 Bh3 29. Re1 Re8 30. Rf2 Bg4 31. Rc1 Rd8 32. h4 Rf6 33. Kg2 Bh5 34. Rfc2 Qf7 35. Rf2 Qd7 1/2-1/2

[Event "Niedersachsen-ch Seniors op 11th"]
[Site "Bad Bevensen"]
[Date "2008.07.08"]
[Round "1"]
[White "Peleikis, Horst"]
[Black "Fries, Karl Heinz"]
[Result "1-0"]
[WhiteElo "1927"]
[BlackElo "1619"]
[PlyCount "91"]
[EventDate "2008.07.08"]
[EventType "swiss"]
[EventRounds "9"]
[EventCountry "GER"]
[SourceTitle "EXT 2022"]
[Source "ChessBase"]
[SourceDate "2021.10.06"]
[SourceVersion "1"]
[SourceVersionDate "2021.10.06"]
[SourceQuality "1"]

1. e4 d5 2. exd5 Qxd5 3. Nc3 Qd8 4. d4 Nf6 5. Nf3 e6 6. g3 c6 7. Bg2 Nbd7 8. 0-0 Be7 9. a4 0-0 10. Re1 Re8 11. Bh3 Nb6 12. Ne5 Nbd5 13. Ne2 Bb4 14. c3 Bd6 15. Qc2 a6 16. g4 Nd7 17. Nf3 Qc7 18. Kg2 Nf4+ 19. Nxf4 Bxf4 20. Qe4 Bxc1 21. Raxc1 Nf6 22. Qe5 Qxe5 23. Nxe5 Nd5 24. Kg3 g5 25. Nd3 Bd7 26. c4 Ne7 27. Nc5 Bc8 28. Ne4 Rd8 29. Rcd1 h6 30. f4 gxf4+ 31. Kxf4 Ng6+ 32. Kg3 Kg7 33. Rf1 b6 34. Nf6 Bb7 35. Bg2 Rac8 36. Be4 Rc7 37. Rd3 b5 38. c5 Re7 39. Nh5+ Kh8 40. Rf6 Kh7 41. Rdf3 Rdd7 42. h4 e5 43. dxe5 Rxe5 44. Rxf7+ Rxf7 45. Rxf7+ Kg8 46. Bxg6 1-0

[Event "Hessen-ch Seniors op 04th"]
[Site "Bad Sooden-Allendorf"]
[Date "2008.05.02"]
[Round "9"]
[White "Fries, Karl Heinz"]
[Black "Wauer, Klaus"]
[Result "0-1"]
[WhiteElo "1644"]
[BlackElo "1431"]
[PlyCount "94"]
[EventDate "2008.04.24"]
[EventType "swiss"]
[EventRounds "9"]
[EventCountry "GER"]
[SourceTitle "EXT 2022"]
[Source "ChessBase"]
[SourceDate "2021.10.06"]
[SourceVersion "1"]
[SourceVersionDate "2021.10.06"]
[SourceQuality "1"]

1. e4 c5 2. Nf3 d6 3. d4 cxd4 4. Nxd4 a6 5. Nc3 Nf6 6. Be2 Nc6 7. Be3 e6 8. g4 h6 9. f3 Ne5 10. f4 Nc6 11. g5 hxg5 12. fxg5 Nd7 13. g6 Nxd4 14. gxf7+ Kxf7 15. Bxd4 e5 16. Be3 Rh3 17. Bc4+ Ke8 18. Bf2 Nf6 19. Qd2 Bg4 20. Qg5 Qa5 21. Qg6+ Kd8 22. 0-0 Bh5 23. Qg5 Rc8 24. Bb3 Bf3 25. Nd5 Rh5 26. Qe3 Bg4 27. Qd3 Rh3 28. Qxh3 Bxh3 29. Bb6+ Qxb6+ 30. Nxb6 Rc6 31. Rfe1 Rxb6 32. Re3 Bd7 33. a4 Rc6 34. c4 Ke7 35. Ba2 g5 36. b4 Rc8 37. b5 a5 38. Rc1 b6 39. h3 Bh6 40. Rec3 g4 41. R1c2 gxh3 42. Rg3 Rg8 43. Rxg8 Nxg8 44. Bb1 Bf4 45. Kh1 Nf6 46. Rf2 Ng4 47. Rb2 Be6 0-1

[Event "Hessen-ch Seniors op 04th"]
[Site "Bad Sooden-Allendorf"]
[Date "2008.04.29"]
[Round "6"]
[White "Goertz, Hans Georg"]
[Black "Fries, Karl Heinz"]
[Result "1-0"]
[WhiteElo "1831"]
[BlackElo "1644"]
[PlyCount "35"]
[EventDate "2008.04.24"]
[EventType "swiss"]
[EventRounds "9"]
[EventCountry "GER"]
[SourceTitle "EXT 2022"]
[Source "ChessBase"]
[SourceDate "2021.10.06"]
[SourceVersion "1"]
[SourceVersionDate "2021.10.06"]
[SourceQuality "1"]

1. d4 d5 2. Nf3 e6 3. e3 f5 4. Ne5 Nf6 5. Be2 Be7 6. Bh5+ g6 7. Be2 c6 8. Nd2 Nbd7 9. Ndf3 Ne4 10. 0-0 0-0 11. Nxd7 Bxd7 12. Ne5 Be8 13. f3 Nf6 14. e4 Nd7 15. exd5 cxd5 16. Bf4 Bf7 17. Kh1 Qb6 18. Nxd7 1-0

[Event "Hessen-ch Seniors op 04th"]
[Site "Bad Sooden-Allendorf"]
[Date "2008.04.24"]
[Round "1"]
[White "Niebling, Ferdinand"]
[Black "Fries, Karl Heinz"]
[Result "1-0"]
[WhiteElo "2062"]
[BlackElo "1644"]
[PlyCount "69"]
[EventDate "2008.04.24"]
[EventType "swiss"]
[EventRounds "9"]
[EventCountry "GER"]
[SourceTitle "EXT 2022"]
[Source "ChessBase"]
[SourceDate "2021.10.06"]
[SourceVersion "1"]
[SourceVersionDate "2021.10.06"]
[SourceQuality "1"]

1. e4 d5 2. exd5 Qxd5 3. Nc3 Qd8 4. d4 e6 5. Nf3 Nf6 6. Bd3 c6 7. 0-0 Be7 8. Qe2 0-0 9. Bg5 Re8 10. Rad1 Nbd7 11. Rfe1 Nf8 12. Ne5 Nd5 13. Bxe7 Rxe7 14. Ne4 f5 15. Ng3 Nf4 16. Qe3 Nxd3 17. Rxd3 Qe8 18. c4 Ng6 19. f4 Nxe5 20. Qxe5 g6 21. d5 cxd5 22. Nxf5 gxf5 23. Rg3+ Qg6 24. cxd5 Qxg3 25. hxg3 Bd7 26. g4 fxg4 27. f5 Rg7 28. f6 Rg6 29. dxe6 Be8 30. f7+ Bxf7 31. exf7+ Kxf7 32. Rf1+ Kg8 33. Qd5+ Kh8 34. Qxb7 Re8 35. Qxa7 1-0

[Event "GER-ch Seniors Gp-A 19th"]
[Site "Templin"]
[Date "2007.08.26"]
[Round "4"]
[White "Merettig, Georg"]
[Black "Fries, Karl Heinz"]
[Result "1-0"]
[WhiteElo "1825"]
[BlackElo "1641"]
[PlyCount "79"]
[EventDate "2007.08.23"]
[EventType "swiss"]
[EventRounds "9"]
[EventCountry "GER"]
[SourceTitle "EXT 2022"]
[Source "ChessBase"]
[SourceDate "2021.10.06"]
[SourceVersion "1"]
[SourceVersionDate "2021.10.06"]
[SourceQuality "1"]

1. Nc3 d5 2. e4 dxe4 3. Nxe4 e6 4. d4 c6 5. f4 Nf6 6. Ng3 Be7 7. Bc4 Qd6 8. Nf3 Qb4+ 9. Nd2 b5 10. c3 Qd6 11. Nde4 Nxe4 12. Nxe4 Qd8 13. Bd3 Nd7 14. Qf3 Qb6 15. 0-0 Bb7 16. Be3 Qc7 17. f5 e5 18. Qg3 g6 19. Ng5 Bxg5 20. Bxg5 f6 21. Bd2 g5 22. dxe5 Nxe5 23. Be2 0-0-0 24. Be3 h5 25. Bxa7 Rd2 26. Qe3 Rd5 27. Bb6 Qd7 28. a4 Ng4 29. Qg3 Ne5 30. axb5 cxb5 31. Ra7 Qc6 32. Qe3 g4 33. Bd4 Re8 34. Qf2 Nf3+ 35. gxf3 Rxe2 36. Qxe2 gxf3 37. Qxf3 Rxd4 38. cxd4 Qxf3 39. Rxf3 Bxf3 40. Rf7 1-0

[Event "Niedersachsen-ch Seniors op 10th"]
[Site "Bad Bevensen"]
[Date "2007.07.07"]
[Round "5"]
[White "Badenstedt, Hans Dieter"]
[Black "Fries, Karl Heinz"]
[Result "1/2-1/2"]
[WhiteElo "1785"]
[BlackElo "1632"]
[PlyCount "46"]
[EventDate "2007.07.03"]
[EventType "swiss"]
[EventRounds "9"]
[EventCountry "GER"]
[SourceTitle "EXT 2022"]
[Source "ChessBase"]
[SourceDate "2021.10.06"]
[SourceVersion "1"]
[SourceVersionDate "2021.10.06"]
[SourceQuality "1"]

1. e4 d5 2. exd5 Qxd5 3. Nc3 Qd8 4. Nf3 Nf6 5. Bc4 e6 6. 0-0 Be7 7. d3 0-0 8. Re1 Re8 9. Bf4 Bd6 10. Qd2 c6 11. Re2 Qc7 12. Bxd6 Qxd6 13. Rae1 Nbd7 14. Bb3 Nc5 15. Qg5 a5 16. d4 Nxb3 17. axb3 b5 18. Ne4 Nxe4 19. Rxe4 Qd5 20. Qg3 Ra7 21. h4 Qd7 22. Qg5 Qe7 23. Qg3 Qc7 1/2-1/2

[Event "Niedersachsen-ch Seniors op 10th"]
[Site "Bad Bevensen"]
[Date "2007.07.06"]
[Round "4"]
[White "Fries, Karl Heinz"]
[Black "Eidelmann, Vova"]
[Result "1/2-1/2"]
[WhiteElo "1632"]
[BlackElo "1925"]
[PlyCount "72"]
[EventDate "2007.07.03"]
[EventType "swiss"]
[EventRounds "9"]
[EventCountry "GER"]
[SourceTitle "EXT 2022"]
[Source "ChessBase"]
[SourceDate "2021.10.06"]
[SourceVersion "1"]
[SourceVersionDate "2021.10.06"]
[SourceQuality "1"]

1. e4 c5 2. Nf3 Nf6 3. Nc3 e6 4. d4 cxd4 5. Nxd4 Nc6 6. Bg5 Bb4 7. Ndb5 0-0 8. a3 Be7 9. f4 a6 10. Nd4 Qb6 11. Nxc6 dxc6 12. e5 Qe3+ 13. Qe2 Qxe2+ 14. Bxe2 Nd5 15. Nxd5 Bxg5 16. Nc7 Ra7 17. fxg5 b5 18. Nxb5 cxb5 19. 0-0 Rc7 20. Bd3 Rc5 21. Rae1 Rd8 22. Re3 Bb7 23. Rfe1 Rd4 24. h3 Kf8 25. c3 Rd7 26. Bc2 Rd2 27. R3e2 Rdd5 28. Bb3 Rd7 29. Kf2 Ke7 30. g3 Rd3 31. Re3 Rxe3 32. Rxe3 Rc7 33. Rd3 Rd7 34. Ke2 Bg2 35. h4 Kd8 36. Bc2 g6 1/2-1/2

[Event "Niedersachsen-ch Seniors op 10th"]
[Site "Bad Bevensen"]
[Date "2007.07.04"]
[Round "2"]
[White "Fries, Karl Heinz"]
[Black "Philippent, Ralf"]
[Result "1-0"]
[WhiteElo "1632"]
[BlackElo "1226"]
[PlyCount "87"]
[EventDate "2007.07.03"]
[EventType "swiss"]
[EventRounds "9"]
[EventCountry "GER"]
[SourceTitle "EXT 2022"]
[Source "ChessBase"]
[SourceDate "2021.10.06"]
[SourceVersion "1"]
[SourceVersionDate "2021.10.06"]
[SourceQuality "1"]

1. e4 e5 2. Nf3 Nc6 3. c4 d6 4. d3 Bd7 5. Be3 g6 6. h3 Bg7 7. Be2 Nf6 8. g4 h6 9. Nbd2 a6 10. a4 Nb4 11. Nf1 Be6 12. Qd2 a5 13. Ng3 c6 14. d4 d5 15. exd5 cxd5 16. Nxe5 dxc4 17. Nxc4 Nfd5 18. Ne4 0-0 19. 0-0-0 Nxe3 20. fxe3 Rc8 21. b3 Bd5 22. Nc3 Bxh1 23. Rxh1 Bf6 24. Bf3 Nc6 25. Kb1 Re8 26. Ne4 Be7 27. Qf2 Rf8 28. Rd1 Rb8 29. Nc3 Nb4 30. e4 f6 31. d5 Bd6 32. Nb5 Bf4 33. Bg2 g5 34. Nd4 Rf7 35. Ne6 Qe8 36. Nxf4 gxf4 37. Qxf4 Qf8 38. Nd6 Rh7 39. Nf5 Rd8 40. Bf1 Kf7 41. Bc4 Kg6 42. Nh4+ Kg7 43. Qc7+ Qf7 44. Qxd8 1-0

[Event "Hessen-ch Seniors op 03rd"]
[Site "Bad Sooden-Allendorf"]
[Date "2007.05.06"]
[Round "9"]
[White "Wauer, Klaus"]
[Black "Fries, Karl Heinz"]
[Result "0-1"]
[WhiteElo "1382"]
[BlackElo "1619"]
[PlyCount "74"]
[EventDate "2007.04.27"]
[EventType "swiss"]
[EventRounds "9"]
[EventCountry "GER"]
[SourceTitle "EXT 2022"]
[Source "ChessBase"]
[SourceDate "2021.10.06"]
[SourceVersion "1"]
[SourceVersionDate "2021.10.06"]
[SourceQuality "1"]

1. e4 d5 2. e5 e6 3. d4 c5 4. c3 Nc6 5. Nf3 Qb6 6. Be2 cxd4 7. cxd4 Nge7 8. Nc3 Nf5 9. Bb5 Bd7 10. Bxc6 Bxc6 11. a3 Rc8 12. b4 Bd7 13. Na4 Qa6 14. Nc5 Qb5 15. Qd3 Qb6 16. Nxd7 Kxd7 17. 0-0 Rc4 18. Be3 Be7 19. Rfc1 Rhc8 20. Rxc4 Rxc4 21. Rc1 Qc6 22. Qd2 Nxe3 23. Rxc4 Nxc4 24. Qc1 Qa4 25. Nd2 Nxd2 26. Qxd2 Qxa3 27. g3 Qxb4 28. Qd1 g6 29. h4 h5 30. f4 a5 31. Kf2 a4 32. Ke3 Qb3+ 33. Qd3 Qxd3+ 34. Kxd3 b5 35. Kc3 Kc6 36. g4 hxg4 37. f5 exf5 0-1

[Event "Hessen-ch Seniors op 03rd"]
[Site "Bad Sooden-Allendorf"]
[Date "2007.05.01"]
[Round "4"]
[White "Nietsch, Horst"]
[Black "Fries, Karl Heinz"]
[Result "1-0"]
[WhiteElo "1875"]
[BlackElo "1619"]
[PlyCount "53"]
[EventDate "2007.04.27"]
[EventType "swiss"]
[EventRounds "9"]
[EventCountry "GER"]
[SourceTitle "EXT 2022"]
[Source "ChessBase"]
[SourceDate "2021.10.06"]
[SourceVersion "1"]
[SourceVersionDate "2021.10.06"]
[SourceQuality "1"]

1. e4 d5 2. exd5 Qxd5 3. Nc3 Qd8 4. d4 Nf6 5. Nf3 Nbd7 6. Bc4 e6 7. 0-0 c6 8. Qe2 Be7 9. Re1 Nb6 10. Bb3 Nbd5 11. Bg5 h6 12. Nxd5 Nxd5 13. Bd2 0-0 14. c4 Nf6 15. Rad1 Re8 16. Ne5 a5 17. Bc3 a4 18. Bc2 Qc7 19. Qf3 Bd7 20. Qd3 b5 21. Ng4 Qd6 22. Nxf6+ Bxf6 23. Qh7+ Kf8 24. a3 c5 25. dxc5 Qc7 26. c6 Bxc6 27. Bb4+ 1-0

[Event "Hessen-ch Seniors op 03rd"]
[Site "Bad Sooden-Allendorf"]
[Date "2007.04.28"]
[Round "1"]
[White "Fries, Karl Heinz"]
[Black "Hobusch, Werner"]
[Result "0-1"]
[WhiteElo "1619"]
[BlackElo "1980"]
[PlyCount "111"]
[EventDate "2007.04.27"]
[EventType "swiss"]
[EventRounds "9"]
[EventCountry "GER"]
[SourceTitle "EXT 2022"]
[Source "ChessBase"]
[SourceDate "2021.10.06"]
[SourceVersion "1"]
[SourceVersionDate "2021.10.06"]
[SourceQuality "1"]

1. e4 c5 2. Nf3 Nc6 3. d4 cxd4 4. Nxd4 g6 5. Nc3 Bg7 6. Be3 Nf6 7. f4 0-0 8. Be2 d6 9. Qd2 Bd7 10. h3 Rc8 11. 0-0-0 Na5 12. g4 Nc4 13. Bxc4 Rxc4 14. e5 Ne8 15. b3 Rc8 16. exd6 Nxd6 17. Kb2 Qb6 18. Ka1 Qa5 19. Nce2 Qa6 20. Qd3 Bb5 21. c4 Nxc4 22. Nc3 Nd6 23. Qd2 Bc6 24. Rhg1 Ne4 25. Nxe4 Bxe4 26. Rc1 Rcd8 27. Rc4 b5 28. Rc5 Qd6 29. Rgc1 Bxd4+ 30. Bxd4 Qxd4+ 31. Qxd4 Rxd4 32. Rxb5 Bg2 33. Rc3 Rxf4 34. Re5 e6 35. Ra5 Ra8 36. Kb2 Rf3 37. Rxf3 Bxf3 38. g5 Bd5 39. Kc3 h6 40. h4 hxg5 41. hxg5 f6 42. Kd4 fxg5 43. Ke5 g4 44. Kf4 Kg7 45. b4 Kf6 46. b5 Rb8 47. a4 Rb7 48. Ra6 Bf3 49. Rd6 g5+ 50. Kg3 Ke5 51. Rd8 Rh7 52. Rg8 Rh3+ 53. Kf2 Kf4 54. Rf8+ Ke4 55. Rg8 g3+ 56. Ke1 0-1

[Event "GER-ch Seniors 18th"]
[Site "Dresden"]
[Date "2006.07.29"]
[Round "8"]
[White "Fries, Karl Heinz"]
[Black "Richter, Hildegard"]
[Result "1-0"]
[WhiteElo "1618"]
[BlackElo "1635"]
[PlyCount "65"]
[EventDate "2006.07.22"]
[EventType "swiss"]
[EventRounds "9"]
[EventCountry "GER"]
[SourceTitle "EXT 2022"]
[Source "ChessBase"]
[SourceDate "2021.10.06"]
[SourceVersion "1"]
[SourceVersionDate "2021.10.06"]
[SourceQuality "1"]

1. e4 c5 2. Nf3 d6 3. d4 cxd4 4. Nxd4 Nf6 5. Nc3 a6 6. Bg5 e6 7. Qd2 Be7 8. 0-0-0 Qc7 9. f4 0-0 10. Be2 b5 11. Bf3 Bb7 12. Qe3 Nc6 13. Nxc6 Bxc6 14. Rd2 Rfd8 15. Ne2 Bb7 16. Kb1 Ne8 17. Bxe7 Qxe7 18. Rhd1 Rac8 19. c3 Rc4 20. Nd4 Rdc8 21. Nb3 Qc7 22. a3 a5 23. Rd4 Qb6 24. Qd3 e5 25. fxe5 dxe5 26. Rd8 Kf8 27. Rxc8 Rxc8 28. Qd7 a4 29. Nc1 Rc4 30. Qf5 Qe3 31. Rd7 Bxe4+ 32. Bxe4 Rxe4 33. Qxf7# 1-0

[Event "Thueringen-ch Seniors 5th"]
[Site "Bad Frankenhausen"]
[Date "2006.05.15"]
[Round "4"]
[White "Fries, Karl Heinz"]
[Black "Schaffer, Ernst"]
[Result "1-0"]
[WhiteElo "1855"]
[BlackElo "1645"]
[PlyCount "133"]
[EventDate "2006.05.13"]
[EventType "swiss"]
[EventRounds "7"]
[EventCountry "GER"]
[SourceTitle "EXT 2007"]
[Source "ChessBase"]
[SourceDate "2006.11.23"]
[SourceVersion "1"]
[SourceVersionDate "2006.11.23"]
[SourceQuality "1"]

1. e4 c5 2. Nf3 Nc6 3. d4 cxd4 4. Nxd4 e6 5. Nc3 Qb6 6. Nb3 Nf6 7. Be3 Qd8 8. a3 a6 9. f4 d5 10. e5 Nd7 11. Qd2 b5 12. Qf2 Na5 13. Bd3 Nc4 14. Bxc4 bxc4 15. Nd4 Qc7 16. 0-0 Be7 17. Qg3 g6 18. Rae1 Bb7 19. Kh1 0-0-0 20. Rb1 h5 21. Qe1 h4 22. Na4 h3 23. g3 Nc5 24. Nc3 Rdg8 25. Qf2 Rh5 26. b4 Ne4 27. Nxe4 dxe4 28. c3 g5 29. Qe2 Rh6 30. Rf2 f5 31. exf6 Rxf6 32. Rbf1 gxf4 33. Rxf4 Rxf4 34. Rxf4 e5 35. Ne6 Qc6 36. Rf7 Qxe6 37. Rxe7 Qxe7 38. Qxc4+ Kd7 39. Qxg8 Qd6 40. Qf7+ Kc6 41. Qc4+ Kd7 42. Qf1 Qe6 43. c4 Bc6 44. Kg1 Ba4 45. Qe2 Bb3 46. Qd2+ Ke8 47. c5 Bc4 48. Bg5 Bd3 49. Qd1 Qf7 50. c6 Qf3 51. Qxf3 exf3 52. Kf2 e4 53. Ke3 Bb5 54. c7 Kd7 55. Bf4 Bc6 56. g4 Bb7 57. Bg3 Bc6 58. g5 Bb7 59. g6 Ke6 60. Bh4 Bc8 61. a4 Bb7 62. b5 axb5 63. axb5 Bc8 64. Kxe4 f2 65. Bxf2 Kf6 66. Kd5 Kxg6 67. Kc5 1-0

[Event "Hessen-ch Seniors op 02nd"]
[Site "Bad Sooden-Allendorf"]
[Date "2006.04.27"]
[Round "3"]
[White "Lange, Lutz"]
[Black "Fries, Karl Heinz"]
[Result "1-0"]
[WhiteElo "1728"]
[BlackElo "1661"]
[PlyCount "91"]
[EventDate "2006.04.25"]
[EventType "swiss"]
[EventRounds "9"]
[EventCountry "GER"]
[SourceTitle "EXT 2007"]
[Source "ChessBase"]
[SourceDate "2006.11.23"]
[SourceVersion "1"]
[SourceVersionDate "2006.11.23"]
[SourceQuality "1"]

1. d4 d5 2. Nf3 e6 3. c4 f5 4. Nc3 Nf6 5. Bf4 Bd6 6. Bxd6 Qxd6 7. e3 0-0 8. Bd3 c6 9. 0-0 Ne4 10. Qc2 Qe7 11. Qb3 g5 12. Rad1 g4 13. Ne5 Nd7 14. Nxd7 Qxd7 15. cxd5 Nxc3 16. dxc6 Qxc6 17. Qxc3 Qd6 18. Qc5 Qd8 19. Rc1 Rf7 20. Bc4 b6 21. Qe5 Re7 22. Qxf5 Qd6 23. Qxg4+ Rg7 24. Qf3 Bb7 25. e4 Rf8 26. Qe3 Kh8 27. g3 a6 28. f4 b5 29. Be2 Qb4 30. b3 Rd8 31. d5 exd5 32. e5 d4 33. Qd3 Qe7 34. Bf3 Bc8 35. Rf2 Qf7 36. Bg2 Bf5 37. Be4 Bxe4 38. Qxe4 d3 39. Rd2 Qa7+ 40. Kh1 Rgd7 41. e6 Rd4 42. Qe5+ Kg8 43. Rc7 Qxc7 44. Qxc7 R4d6 45. Qf7+ Kh8 46. e7 1-0

[Event "Hessen-ch Seniors op 02nd"]
[Site "Bad Sooden-Allendorf"]
[Date "2006.04.26"]
[Round "2"]
[White "Fries, Karl Heinz"]
[Black "Reichel, Horst"]
[Result "1-0"]
[WhiteElo "1661"]
[BlackElo "1365"]
[PlyCount "71"]
[EventDate "2006.04.25"]
[EventType "swiss"]
[EventRounds "9"]
[EventCountry "GER"]
[SourceTitle "EXT 2007"]
[Source "ChessBase"]
[SourceDate "2006.11.23"]
[SourceVersion "1"]
[SourceVersionDate "2006.11.23"]
[SourceQuality "1"]

1. e4 c5 2. Nf3 d6 3. d4 cxd4 4. Nxd4 Nf6 5. Nc3 a6 6. Bg5 Nbd7 7. Qd2 h6 8. Bxf6 Nxf6 9. 0-0-0 e5 10. Nb3 Be6 11. Qe3 Be7 12. Kb1 Rc8 13. g3 Qc7 14. Be2 0-0 15. f4 b5 16. Rd2 b4 17. Nd1 Qb7 18. Nf2 Bc4 19. Na5 Qb5 20. Nxc4 Rxc4 21. Bxc4 Qxc4 22. Qd3 Qxd3 23. Rxd3 Rc8 24. f5 Rc5 25. g4 Ne8 26. h4 f6 27. Rd5 Rc6 28. Rc1 Nc7 29. Rd2 Nb5 30. Nd3 a5 31. Nf2 Nd4 32. h5 Bd8 33. c3 Nf3 34. Rd3 Ng5 35. cxb4 Rxc1+ 36. Kxc1 1-0

[Event "Chiemgau Seniors Cup 1st"]
[Site "Bergen"]
[Date "2005.10.16"]
[Round "6"]
[White "Fries, Karl Heinz"]
[Black "Scheuerlein, Gerhard"]
[Result "0-1"]
[WhiteElo "1872"]
[BlackElo "1942"]
[PlyCount "78"]
[EventDate "2005.10.11"]
[EventType "swiss"]
[EventRounds "9"]
[EventCountry "GER"]
[SourceTitle "EXT 2007"]
[Source "ChessBase"]
[SourceDate "2006.11.23"]
[SourceVersion "1"]
[SourceVersionDate "2006.11.23"]
[SourceQuality "1"]

1. e4 e6 2. d4 d5 3. exd5 exd5 4. c4 Nf6 5. Nc3 c6 6. c5 g6 7. Be2 Bg7 8. Nf3 0-0 9. Bg5 Na6 10. 0-0 Nc7 11. Qd2 Re8 12. Ne5 Ne6 13. Bh6 Bh8 14. f3 Qc7 15. b4 Nxd4 16. Qxd4 Qxe5 17. Qxe5 Rxe5 18. Bf4 Re8 19. Rac1 Nh5 20. Bd6 Bxc3 21. Bd3 Bd4+ 22. Kh1 Ng7 23. Rcd1 Bf5 24. g4 Bxd3 25. Rxd3 Be5 26. a4 Bxd6 27. cxd6 Rad8 28. b5 Rxd6 29. bxc6 bxc6 30. Rb1 Rde6 31. Rb7 R6e7 32. Rdb3 Ne6 33. Rb8 Nf4 34. Kg1 Kg7 35. Rxe8 Rxe8 36. Rb7 a5 37. Ra7 d4 38. Rxa5 d3 39. Rc5 d2 0-1

[Event "Chiemgau Seniors Cup 1st"]
[Site "Bergen"]
[Date "2005.10.14"]
[Round "4"]
[White "Fries, Karl Heinz"]
[Black "Siegl, Wolfgang"]
[Result "1/2-1/2"]
[WhiteElo "1872"]
[BlackElo "1539"]
[PlyCount "131"]
[EventDate "2005.10.11"]
[EventType "swiss"]
[EventRounds "9"]
[EventCountry "GER"]
[SourceTitle "EXT 2007"]
[Source "ChessBase"]
[SourceDate "2006.11.23"]
[SourceVersion "1"]
[SourceVersionDate "2006.11.23"]
[SourceQuality "1"]

1. e4 d5 2. exd5 Qxd5 3. Nc3 Qa5 4. d4 c6 5. Nf3 Nf6 6. Bd2 Bf5 7. Bc4 e6 8. Nd5 Qd8 9. Ne3 Bg6 10. Qe2 Be7 11. Rd1 0-0 12. h4 Bh5 13. c3 Nbd7 14. Nf1 Bd6 15. Ng3 Bxg3 16. fxg3 Re8 17. 0-0 Qb6 18. Kh1 e5 19. dxe5 Nxe5 20. Qxe5 Rxe5 21. Nxe5 Bxd1 22. Bxf7+ Kf8 23. Rxd1 Rd8 24. Bb3 Qf2 25. Nf3 Qxg3 26. Rf1 h6 27. Be3 b6 28. Bd4 c5 29. Be5 Qg4 30. Bh2 Re8 31. Bd6+ Re7 32. Re1 Ne4 33. Bxe7+ Kxe7 34. Bc2 Kd6 35. Rxe4 Qg3 36. Bb3 Kc6 37. Re3 Qf2 38. Re6+ Kb5 39. c4+ Kb4 40. Re7 Qxb2 41. Rxa7 Qc1+ 42. Kh2 Qf4+ 43. Kg1 Qc1+ 44. Kf2 Qb2+ 45. Kg3 Qf6 46. Kf2 Qb2+ 47. Kg1 Qc1+ 48. Kf2 Qb2+ 49. Kf1 Qa1+ 50. Ke2 Qb2+ 51. Kd3 Qc3+ 52. Ke4 Qf6 53. g3 Qg6+ 54. Kf4 Qf6+ 55. Ke3 Kc3 56. Kf2 Kb4 57. Kg2 Qb2+ 58. Kh3 Qf6 59. Kg2 Qb2+ 60. Kh1 Qf6 61. Ng1 g5 62. hxg5 hxg5 63. Kg2 Qc6+ 64. Kf2 g4 65. Rf7 Qh6 66. Ne2 1/2-1/2

[Event "Chiemgau Seniors Cup 1st"]
[Site "Bergen"]
[Date "2005.10.12"]
[Round "3"]
[White "Slacik, Johann"]
[Black "Fries, Karl Heinz"]
[Result "1/2-1/2"]
[WhiteElo "1904"]
[BlackElo "1872"]
[PlyCount "159"]
[EventDate "2005.10.11"]
[EventType "swiss"]
[EventRounds "9"]
[EventCountry "GER"]
[SourceTitle "EXT 2007"]
[Source "ChessBase"]
[SourceDate "2006.11.23"]
[SourceVersion "1"]
[SourceVersionDate "2006.11.23"]
[SourceQuality "1"]

1. d4 d5 2. c4 e6 3. Nf3 c6 4. e3 f5 5. Ne5 Nf6 6. cxd5 exd5 7. Bd3 Bd6 8. Nf3 0-0 9. Nc3 Qe7 10. Qc2 Ne4 11. a3 g5 12. h3 h5 13. b4 a6 14. Bb2 g4 15. hxg4 hxg4 16. Nh4 Qg5 17. 0-0-0 Be6 18. Kb1 Nd7 19. g3 Kg7 20. f4 Qe7 21. Na4 Nxg3 22. Rh2 Ne4 23. Rdh1 Ndf6 24. Nc5 Rh8 25. Qg2 Rh6 26. Nxe6+ Qxe6 27. Nxf5+ Qxf5 28. Rxh6 Re8 29. Bc2 Qd7 30. R1h4 Bf8 31. Bxe4 Rxe4 32. Rxf6 Kxf6 33. Rxg4 Qh7 34. Ka2 Rxe3 35. Rg8 Kf7 36. Rg5 Qd3 37. Qh1 Qb3+ 38. Ka1 Rh3 39. Qb1 Rd3 40. Rg1 Bg7 41. Qa2 Qxa2+ 42. Kxa2 Bxd4 43. Bxd4 Rxd4 44. f5 Rf4 45. Rg5 Re4 46. Kb2 Kf6 47. Rg6+ Kf7 48. Rh6 Re7 49. f6 Re2+ 50. Kc3 b5 51. Rh7+ Kxf6 52. Rh6+ Ke5 53. Rxc6 d4+ 54. Kb3 Re3+ 55. Kb2 Re2+ 56. Kb3 d3 57. Rxa6 Kd4 58. Ra8 Ke3 59. Kc3 Rc2+ 60. Kb3 Rc6 61. Re8+ Kd2 62. Kb2 Kd1 63. Re3 Kd2 64. Re8 Rf6 65. Re5 Rf2 66. Re8 Re2 67. Rd8 Ke1+ 68. Kb3 d2 69. a4 bxa4+ 70. Kxa4 d1Q+ 71. Rxd1+ Kxd1 72. Ka5 Ra2+ 73. Kb6 Kc2 74. Kc6 Kb3 75. b5 Rc2+ 76. Kd7 Ka4 77. b6 Ka5 78. b7 Rd2+ 79. Kc8 Rc2+ 80. Kd7 1/2-1/2